| 000 | 00559nam a22001577a 4500 | ||
|---|---|---|---|
| 003 | OSt | ||
| 005 | 20150914090951.0 | ||
| 008 | 150914b xxu||||| |||| 00| 0 eng d | ||
| 040 | _cRUA | ||
| 082 | _aAGR នាក់ 1996 BOO17 Or.1 | ||
| 100 |
_9426 _aនាក់ ថុន |
||
| 245 | _aTechniques of planing and upkeeped nursery young rubber in boeung ket rubber plantaion company,( បច្ចេកទេសដាំកៅស៊ូ និងការថែទាំ | ||
| 260 |
_aphnom phen _bRUA _c1996 |
||
| 300 |
_a65P. _bILL. _c29CM. |
||
| 942 |
_2ddc _cAGR |
||
| 999 |
_c405 _d405 |
||